Клиника интеллектуальных нарушений (Запись № 11150020)

Подробности
000 -МАРКЕР
контрольное поле 01629nam0a2200337 i 4500
001 - ИДЕНТИФИКАТОР ЗАПИСИ
контрольное поле RU\NLR\BIBL_A\011333838
005 - ИДЕНТИФИКАТОР ВЕРСИИ
контрольное поле 20241114202531.0
010 ## - МЕЖДУНАРОДНЫЙ СТАНДАРТНЫЙ НОМЕР КНИГИ (ISBN)
Номер (ISBN) 9785691022678
Тираж 10000
021 ## - НОМЕР ГОСУДАРСТВЕННОЙ РЕГИСТРАЦИИ
Код страны Российская Федерация
Номер 2017-4853
Номер Листа государственной регистраци 340
035 ## - ДРУГИЕ СИСТЕМНЫЕ НОМЕРА
Идентификатор записи (NLR Aleph) 011333838
100 ## - ДАННЫЕ ОБЩЕЙ ОБРАБОТКИ
Данные общей обработки 20170222d2017 u y0rusy50 ca
101 0# - ЯЗЫК РЕСУРСА
Язык текста, звукозаписи и т.д. русский
102 ## - СТРАНА ПУБЛИКАЦИИ ИЛИ ПРОИЗВОДСТВА
Страна публикации Российская Федерация
105 ## - ПОЛЕ КОДИРОВАННЫХ ДАННЫХ: ТЕКСТОВЫЕ МАТЕРИАЛЫ, МОНОГРАФИЧЕСКИЕ
Кодированные данные о монографическом текстовом документе a j 000yy
200 1# - ЗАГЛАВИЕ И СВЕДЕНИЯ ОБ ОТВЕТСТВЕННОСТИ
Основное заглавие Клиника интеллектуальных нарушений
Сведения, относящиеся к заглавию курс лекций
-- учебное пособие для студентов высших учебных заведений
-- [для студентов направления "Специальное дефектологическое образование"]
Первые сведения об ответственности Н.З. Бакиева
210 ## - ПУБЛИКАЦИЯ, РАСПРОСТРАНЕНИЕ И ДР.
Место издания, распространения и т.д. Москва
Имя издателя, распространителя и т. д. Владос
Дата издания, распространения и т.д. 2017
215 ## - ФИЗИЧЕСКАЯ ХАРАКТЕРИСТИКА
Специфическое обозначение материала и объем 150 с.
Другие сведения о физической характеристике ил.
Размеры 22
225 1# - СЕРИЯ
Основное заглавие серии Учебник для вузов
Сведения, относящиеся к заглавию УВ
225 1# - СЕРИЯ
Основное заглавие серии Бакалавриат
320 ## - ПРИМЕЧАНИЯ О НАЛИЧИИ В ДОКУМЕНТЕ БИБЛИОГРАФИИ / УКАЗАТЕЛЯ
Текст примечания Библиогр. в конце гл.
606 1# - НАИМЕНОВАНИЕ ТЕМЫ КАК ПРЕДМЕТ
Наименование темы Интеллект детей
Формальный подзаголовок Учебные издания для высших учебных заведений
Тематический подзаголовок Недостаточность
Системный номер авторитетной/нормативной записи 1164918
Идентификатор авторитетной/нормативной записи RU\NLR\AUTH\66466697
606 ## - НАИМЕНОВАНИЕ ТЕМЫ КАК ПРЕДМЕТ
Наименование темы Деменция детей
Формальный подзаголовок Учебные издания для высших учебных заведений
Тематический подзаголовок Клиника
Системный номер авторитетной/нормативной записи 2333128
Идентификатор авторитетной/нормативной записи RU\NLR\AUTH\661395062
686 1# - ИНДЕКСЫ ДРУГИХ КЛАССИФИКАЦИЙ
Индекс Р733.645.95-3я73-2
686 1# - ИНДЕКСЫ ДРУГИХ КЛАССИФИКАЦИЙ
Индекс Ю983.513.1я73
686 1# - ИНДЕКСЫ ДРУГИХ КЛАССИФИКАЦИЙ
Индекс Ю948.25я73
700 #1 - ИМЯ ЛИЦА - ПЕРВИЧНАЯ ОТВЕТСТВЕННОСТЬ
Начальный элемент ввода Бакиева
Часть имени, кроме начального элемента ввода Н.З.
Расширение инициалов личного имени Наиля Загитовна
942 ## - ДОПОЛНИТЕЛЬНЫЕ ЭЛЕМЕНТЫ ЗАПИСИ (АБИС)
Тип экземпляра АБИС Книга
980 ## - КОЛЛЕКЦИЯ
Название коллекции НБР

Нет доступных экземпляров.